000 00366nam a2200133Ia 4500
008 220217s9999||||xx |||||||||||||| ||und||
020 _a978-81-8128-309-2
082 _a511.5 BOL
100 _aBollobes, Bela
_97536
245 0 _aModern graph theory
260 _aSpringar publications
_bNew Delhi
_c2009
300 _aXIII,394p.
_b495
650 _aMATHEMATICS
999 _c181138
_d181138